00470nam a22001577a 4500003000400000005001700004008004100021020001800062040000900080082002000089100002300109245004500132260002900177300000800206650009800214OSt20221209112500.0221209b |||||||| |||| 00| 0 eng d a81-264-0564-3 cSBCL a894.8123bNEE-M aNeelakandanpillai  aMarappavakalum Mattu Pradhana Kathakalum aKottayambDC Booksc2003 a116 2Literature, rhetoric & criticisma Other literaturesvAltaic, Uralic, Hyperborean & Dravidian